000 00436 a2200145 4500
999 _c6745
_d6745
020 _a0805341846
050 _aQM23.2MAR 1997
100 _aMarieb Elaine N,R.
_eauthor
245 _aAnatomy & Physiology Coloring Workbook:
_ba cpmplete study guide
_cElaine Marieb R.N
264 _aCalifornia:
_bWesley Longman,
_c1997
300 _axiii,335p.
_bill.
500 _aIncludes index
650 _aAnatomy
942 _2lcc
_cBK
_e5th
_h23.2
_iMAR
_kQM